000 03879cam a2200457 a 4500
999 _c64110
_d64110
001 15978055
003 CO-MdFUSB
005 20180622072750.0
008 091109s20102011enk b 001 0 eng
010 _a 2009047386
020 _a9780521760270 (Hardback)
020 _a9781107404113 (Paperback)
040 _aDLC
_cCO-MdFUSB
_dCO-MdFUSB
_bspa
_erda
041 _aeng
082 0 0 _224
_aG 215
_bS416s
242 _aCiencia y religión
_b: nuevas perspectivas históricas
245 1 0 _aScience and religion
_b: new historical perspectives
_c/ editado por Thomas Dixon, Geoffrey Cantor, y Stephen Pumfrey.
264 1 _aCambridge, Inglaterra :
_bCambridge University Press,
_c℗[2010]
264 4 _c©2010
300 _axiv, 317 páginas ;
_c24 cm.
_b:
336 _2rdacontent
_atexto
_btxt
337 _2rdamedia
_asin mediación
_bn
338 _2rdacarrier
_avolumen
_bnc
501 _aIncluye índice (p. 311- 317)
504 _aBibliografía (p. 299- 310)
505 0 _aIntroducción / Thomas Dixon -- Pt. I. Categorías. 'Ciencia' y 'religión': construir los límites / Peter Harrison -- La ciencia y la religión en la perspectiva postmoderna: el caso de Bruno Latour / Jan Golinski -- Pt. II. Narrativas. La religión y la historiografía cambiante de la revolución científica / Margaret J. Osler -- El conflicto victoriano tardío de la ciencia y la religión como un evento en la historia intelectual y cultural del siglo XIX / Frank M. Turner -- Islam, cristianismo y la tesis del conflicto / B. Harun Küçük -- Pt. III. Evolución y creacionismo. Evolución y creacionismo en el mundo islámico / Salman Hameed -- Comprendiendo el creacionismo y la evolución en América y Europa / Bronislaw Szerszynski -- Pt. IV. La política de publicar. Una historia global de la ciencia y la religión / Sujit Sivasundaram -- El juicio de Scopes más allá de la ciencia y la religión / Adam R. Shapiro -- Ciencia, religión y la historia del libro / Jonathan R. Topham -- Pt. V. Formas de avanzar. Ciencias y religiones: qué significa tomar en serio las perspectivas históricas / Noah Efron -- Complejidad simplificadora: patrones en la historia de la ciencia y la religión / Ronald L. Numbers -- ¿Qué haremos con la "tesis del conflicto"? / Geoffrey Cantor.
520 _a"The idea of an inevitable conflict between science and religion was decisively challenged by John Hedley Brooke in his classic Science and Religion: Some Historical Perspectives (Cambridge, 1991). Almost two decades on, Science and Religion: New Historical Perspectives revisits this argument and asks how historians can now impose order on the complex and contingent histories of religious engagements with science. Bringing together leading scholars, this new volume explores the history and changing meanings of the categories 'science' and 'religion'; the role of publishing and education in forging and spreading ideas; the connection between knowledge, power and intellectual imperialism; and the reasons for the confrontation between evolution and creationism among American Christians and in the Islamic world. A major contribution to the historiography of science and religion, this book makes the most recent scholarship on this much misunderstood debate widely accessible"--Provided by publisher.
650 7 _aReligión y ciencia
_9259
650 7 _aReligión y ciencia
_xHistoria
_9387
700 1 _aDixon, Thomas
_q(Thomas M.)
_eeditor
700 1 _aCantor, G. N.,
_eeditor
700 1 _aPumfrey, Stephen.
_eeditor
906 _a7
_bcbc
_corignew
_d1
_eecip
_f20
_gy-gencatlg
942 _cBK